| 000 | 00634nam a2200217Ii 4500 | ||
|---|---|---|---|
| 001 | 14822 | ||
| 003 | CO-ViMGA | ||
| 008 | 241108s9999||||xx |||||||||||||| ||und|| | ||
| 020 | _a9789587045871 | ||
| 040 |
_aCO-ViMGA _bspa _erda _cCO-ViMGA |
||
| 041 | 0 | _aspa | |
| 084 | _aC PAR9a | ||
| 100 | 1 |
_aParedes, Mauricio, _d1972- _951100 |
|
| 245 | 1 | 0 | _aAy, cuánto me quiero! |
| 264 | 1 | _aBogotá, Colombia : Distribuidora y Editora Aguilar, 2007 | |
| 300 | _avolumen | ||
| 336 |
_atext _btxt _2rdacontent |
||
| 337 |
_aunmediated _bn _2rdamedia |
||
| 338 |
_avolume _bnc _2rdacarrier |
||
| 940 | _aidficha_siabuc: 14514. -- ficha_no_siabuc:14822 | ||
| 999 |
_c45809 _d45809 |
||